[Event "Elancourt op"]
[Site "Elancourt"]
[Date "2005.04.26"]
[Round "5"]
[White "Benchara, Imane"]
[Black "Dubos, Jean Luc"]
[Result "0-1"]
[WhiteElo "1320"]
[BlackElo "1430"]
[PlyCount "88"]
[EventDate "2005.04.23"]
[EventType "swiss"]
[EventRounds "9"]
[EventCountry "FRA"]
[SourceTitle "CBM 105 Extra"]
[Source "ChessBase"]
[SourceDate "2005.05.01"]
[SourceVersion "1"]
[SourceVersionDate "2005.05.01"]
[SourceQuality "1"]

1. d4 Nf6 2. c4 g6 3. Nf3 Bg7 4. g3 0-0 5. Bg2 b6 6. 0-0 Bb7 7. Nc3 d6 8. Be3 a6 9. Rc1 Nbd7 10. d5 Rc8 11. Bd4 c6 12. Ng5 cxd5 13. cxd5 Nc5 14. Bxf6 Bxf6 15. Nge4 Nxe4 16. Nxe4 Bxb2 17. Rxc8 Qxc8 18. Nd2 Bd4 19. Qa4 Bc5 20. Qh4 Kg7 21. Ne4 f6 22. Nxc5 Qxc5 23. Qe4 Re8 24. Qa4 Qc7 25. Qa3 Rc8 26. h3 Qc5 27. Qxc5 Rxc5 28. Rb1 b5 29. e4 Kf7 30. Kh2 Rc4 31. Ra1 e6 32. dxe6+ Kxe6 33. Re1 Ke5 34. Re2 Bxe4 35. Bxe4 Rxe4 36. Rxe4+ Kxe4 37. Kg2 d5 38. f3+ Ke3 39. g4 Ke2 40. Kg3 d4 41. f4 d3 42. g5 f5 43. h4 d2 44. h5 d1Q 0-1